000 01011cam a2200301 i 4500
001 768714001
003 CO-MdFUSB
005 20250708095522.0
007 ta
008 250616t1998 -ck||||| |||| 00| 0 spa d
020 _a950-683-075-4
040 _cCO-MdFUSB
041 0 _aspa
082 0 4 _223
_a248.84
_bS338t
100 1 _aSchlappa, Uli
_eautor
245 1 0 _aTendrán nuevas fuerzas :
_bcómo llevar una vida dichosa y fructífera
_c/ Uli Schlappa
264 1 _bEdiciones Certeza,
_aBuenos Aires, Argentina :
_c[1998]
264 4 _c©1998
300 _a98 páginas
336 _atexto
_btxt
_2rdacontent
337 _2rdamedia
_asin mediación
_bn
338 _2rdacarrier
_avolumen
_bnc
505 _aLa Palabra de Dios: lo urgente y lo importante. -- El día de reposo: el trabajo y el descanso. -- Los buenos amigos: el estrés y el equilibrio. -- Unidos a Jesucristo: Una vida con sentido.
563 _aRústico
650 0 _aVida cristiana
_919
942 _cBK
945 _aMiguel Gómez
999 _c36087
_d36087